ბათუმის შოთა რუსთაველის სახელმწიფო უნივერსიტეტის ბიბლიოთეკა

გოგი დოლიძე / (ბიბ.ჩანაწერი № 12065)

000 -ლიდერი
ფიქსირებული სიგრძის საკონტროლო ველი 01044nam a22002417a 4500
003 - საკონტროლო ნომრის იდენტიფიკატორი
საკონტროლო ველი Ge_BSU
005 - ბოლო ოპერაციის თარიღი და დრო
საკონტროლო ველი 20191004102527.0
008 - ფიქსირებული სიგრძის მონაცემთა ელემენტები - ზოგადი ინფორმაცია
ფიქსირებული სიგრძის საკონტროლო ველი 181216s2018 ge ||||| |||| 00| 0 geo d
020 ## - წიგნის საერთაშორისო სტანდარტული ნომერი
International Standard Book Number 9941277125
041 ## - ენის კოდი
Language code of text/sound track or separate title geo
080 ## - უნივერსალური ათობითი კლასიფიკაციის ინდექსი
Universal Decimal Classification number 782
Item number
100 ## - მთავარი ჩანაწერი - პიროვნების სახელი
Personal name ფოფხაძე, იზოლდა
9 (RLIN) 74
245 ## - ცნობა სათაურის შესახებ
Title გოგი დოლიძე /
Statement of responsibility, etc ი. ფოფხაძე ; რედ. არმაზ სანებლიძე ; დიზ. თამარ ჩხაიძე.
264 ## - წარმოების, გამოცემის, დისტრიბუციის და სხვა ცნობები
გამოცემის, წარმოების, დისტრიბუციის... ადგილი [თბილისი,
გამოცემის, წარმოების, დისტრიბუციის... თარიღი 2018].
300 ## - ფიზიკური აღწერა
Extent 103 გვ. :
Other physical details ილ. +
Accompanying material 1 CD
500 ## - ზოგადი შენიშვნა
General note CD მოიცავს გოგი დოლიძის სიმღერებს.
600 ## - SUBJECT ADDED ENTRY--PERSONAL NAME
Personal name დოლიძე, გოგი
9 (RLIN) 75
653 ## - INDEX TERM--UNCONTROLLED
Uncontrolled term გოგი დოლიძე
653 ## - INDEX TERM--UNCONTROLLED
Uncontrolled term ქართული სიმღერა
700 ## - ADDED ENTRY--PERSONAL NAME
Personal name სანებლიძე, არმაზ
Dates associated with a name
Relator term რედაქტორი
9 (RLIN) 76
700 ## - ADDED ENTRY--PERSONAL NAME
Personal name ჩხაიძე, თამარ
Relator term დიზაინერი
9 (RLIN) 77
942 ## - ADDED ENTRY ELEMENTS (KOHA)
Source of classification or shelving scheme
Koha item type წიგნი
ეგზემპლარები
ჩამოწერის სტატუსი დაკარგული ეგზემპლარის სტატუსი კლასიფიკაციის წყარო ან თაროზე გაწყობის სქემა დაზიანების სტატუსი არ გაიცემა მუდმივი მდებარეობა (დაცვის ადგილი) ამჟამინდელი ადგილსამყოფელი შეძენის თარიღი ღირებულება, შესყიდვის ნორმალური ფასი სრული შენახვის შიფრი შტრიხკოდი ბოლო ოპერაციის თარიღი ეგზემპლარის მიმდევრობითი ნომერი (კეტერი?) ფასის ძალაში შესვლის თარიღი ეგზემპლარის სახეობა საჯარო შენიშვნა
          ბათუმის შოთა რუსთაველის სახელმწიფო უნივერსიტეტის მთავარი ბიბლიოთეკა ბათუმის შოთა რუსთაველის სახელმწიფო უნივერსიტეტის მთავარი ბიბლიოთეკა 2018-12-16 20.00 78 541964165 2018-12-16 541964165 2018-12-16 წიგნი 20 ლ.